000 01223cam a2200337 i 4500
001 50021
003 Mx-PuUPA
005 20240410104035.0
008 140415s2005 sp r 001 e spa d
020 _a8432135399
020 _a9788432141744
040 _aMx-PuUPA
_bspa
_cMx-PuUPA
_dMx-PuUPA
_erda
041 1 _aspa
_hger
100 1 _aPieper, Josef,
_d1904-1997
_eautor
_93651
240 1 0 _aHinführung zu Thomas von Aquin. Zwölf vorlesungen.
_lEspañol
245 1 0 _aIntroducción a Tomás de Aquino :
_bdoce lecciones /
_cJosef Pieper ; [traductor], Ramón Cercós
250 _aPrimera edición
264 1 _aMadrid :
_bEdiciones Rialp,
_c©2005
300 _a182 páginas ;
_c20 cm.
336 _atexto
_2rdacontent
_btxt
337 _asin medio
_2rdamedia
_bn
338 _avolumen
_2rdacarrier
_bnc
490 0 _aBiblioteca del Cincuentenario
600 1 4 _aTomás de Aquino
650 7 _aAntropología filosofíca
_2armarc
700 1 _aCercós, Ramón,
_etrdauctor
765 0 _aPieper, Josef, 1904-1997
_dMünchen : Verlag GMBH & Co., ©1986
_tHinführung zu Thomas von Aquin. Zwölf vorlesungen.
942 _2ddc
_cLI
_h189.4
_iP613
999 _c50021
_d50021